All Modern-Day Countries Ever Controlled by British India - Statistics

General Stats
  • This quiz has been taken 10,977 times
    10,960 since last reset
  • The average score is 21 of 21
Answers on the Map
Answers color-coded by a green-red scale on the quiz's map according to % correct below.
 
Answer Stats
Years Protectorates / Colonies Countries % Correct
1757 - 1947 Several Presidencies, Provincesand Princely States India
100%
1833 - 1947 Several Provinces and Princely States Pakistan
100%
1839 - 18421879 - 1919 Emirate of Afghanistan (Protected state) Afghanistan
99%
1757 - 1947 Bengal Presidency Bangladesh
99%
1816 - 1923 Kingdom of Nepal (Protected state) Nepal
99%
1875 - 1947 Muscat and Oman / Trucial States
(Protected states)
Oman
99%
1795 - 1802 Madras Presidency Sri Lanka
99%
1865/1910 - 1947 Bhutan (Protected state) Bhutan
98%
1817 - 1947 Several Provinces and Princely States China
98%
1839 - 1863 Makran State / Emirate of A__________ (Protected state) Iran
98%
1826 - 1937 Several Provinces and Princely States Myanmar
98%
1916 - 1947 Qatar (Protected state) Qatar
98%
1887 - 1947 Trucial States (Protected states) Saudi Arabia
98%
1820 - 1947 Trucial States (Protected states) United Arab Emirates
98%
1858 - 1937 Aden Settlement Yemen
98%
1685/1785 - 1824 Bencoolen Presidency /Bengal Presidency Indonesia
97%
1899 - 1947 Sheikhdom of Kuwait (Protected state) Kuwait
97%
1819 - 1867 Straits Settlements Singapore
97%
1884 - 1898 British Somaliland Somalia
97%
1786 - 1867 Straits Settlements Malaysia
96%
1860 - 1947 Bahrain (Protected state) Bahrain
91%
No matching quizzes found
Score Distribution
Percent of People with Each Score
Percentile by Number Answered
Your Score History
You have not taken this quiz since the last reset